| 000 | 00589nam a22001937a 4500 | ||
|---|---|---|---|
| 999 |
_c4473 _d4473 |
||
| 003 | AR-CdUCM | ||
| 008 | 190308b ||||| |||| 00| 0 spa d | ||
| 040 |
_aMUNICIPALIDAD PROVINCIAL DEL CUSCO _cBIBLIOTECA MUNICIPAL DEL CUSCO |
||
| 082 |
_a869.56 / _bP73 |
||
| 245 | _aPoesía, continuidad maravillosa / | ||
| 260 |
_aLima : _bPeruanas Simiente, _c1960. |
||
| 300 |
_a125 páginas ; _c21 cm. |
||
| 500 | _aDonación familia Nieto | ||
| 650 |
_aPoesía española _9158 |
||
| 650 |
_aSiglo XX _98 |
||
| 700 |
_aOquendo, Abelardo (selección) _914054 |
||
| 942 |
_2ddc _cLIBROS |
||
| 945 | _aafb | ||